000 00653nam0a22002531 4500
001 RU\NLR\INFOCOMM10\ROSSICA\1000004073
005 20250613190422.0
035 _a(NLR Aleph) 009910631
090 _a10616039
_c10616039
100 _a20030516d1862 |||y0rusy50 ca
101 0 _ager
102 _aRU
105 _ay ||||000ay
200 1 _aNotizen über das Obuchoff'sche Hospital
_fHerrmann, F.
210 _aSt.Petersburg
_d1862
215 _d
700 1 _aHerrmann
_bF.
_4070
801 1 _aRU
_bInfoComm
_c20030516
801 0 _aRU
_bNLR
_gPSBO
852 _aNLR
_j13.21.3.535
942 _cBOOK
980 _aNB
980 _aRossica